000 00496nam a2200181 4500
001 127146
003 ES-MaACL
005 20230906192943.0
007 t|
008 070214s1968 sp r ||||1| spa d
100 1 _aRiccardi, Duilio.
_996872
245 1 3 _aEl oscuro rebaño /
_cDuilio Riccardi ; [versión... F. Pages].
250 _a1ª ed.
260 _aBarcelona :
_bCaralt,
_c1968.
300 _a243 p. ;
_c20 cm.
700 1 _aPages, F.
_988274
852 _aES-MaACL
_jC-35457
_bR.68634
999 _c127146
_d127146